Introductions des génériques de séries TV - Statistiques

Statistiques générales
  • Ce quiz a été pris 362 fois
  • Le résultat moyen est 6 sur 20
Statistiques - réponses
Introductions Séries % Correct
A chaque génération, il y a une élue. Seule, elle devra affronter les vampires, les démons et les forces de l'ombre. Buffy contre les vampires
73%
Le Docteur David Banner, biophysicien, cherche le moyen de réveiller les forces latentes que chaque homme possède en lui. Mais une surdose accidentelle de radiations Gamma bouleverse la composition chimique de son organisme. De ce jour, quand David Banner se met en colère ... Une étonnante métamorphose se produit... Hulk
67%
Dans le système judiciaire, les crimes sexuels sont considérés comme particulièrement monstrueux. À New York, les inspecteurs qui enquêtent sur ces crimes sont membres d'une unité d'élite spéciale pour les victimes. Voici leurs histoires. New York unité spéciale
47%
Espace, frontière de l'infini, vers laquelle voyage notre vaisseau spatial. Sa mission de cinq ans : explorer de nouveaux mondes étranges, découvrir de nouvelles vies, d'autres civilisations et au mépris du danger, avancer vers l'inconnu. Star Trek
40%
Il était une fois trois filles superbes qui avaient décidé de s'engager dans la police. Mais, on les avait cantonnées dans des travaux bien peu passionnants. Alors moi, Charlie, j'ai décidé de les engager et je ne le regrette pas. Drôles de dames
36%
Je suis Duncan MacLeod, né il y a 400 ans dans les Hautes Terres d’Écosse. Je suis immortel tout comme une poignée d’élus. Des siècles durant nous avons attendu l’heure de l’Ultime combat au terme duquel l’épée qui tranche une tête libère le Quickening, la puissance de l’Éclair. À la fin, un seul d’entre nous survivra. Highlander
35%
Il existe des êtres doués d'une intelligence supra normale, des génies qui possèdent entre autres la faculté d'assumer n'importe quelle identité. En 1963, les chercheurs d'une entreprise appelée Le Centre ont mis en isolement un de ces êtres, un jeune garçon nommé Jarod et exploitèrent son génie pour des recherches secrètes. Mais un jour "il" leur échappa… Le caméléon
33%
Il y a deux catégories de personnes qui réfléchissent à des façons de tuer: les psychopathes et les écrivains. Je suis dans celle qui paie le mieux. Chaque écrivain a besoin d'inspiration, j'ai trouvé la mienne et grâce à mon amitié avec le maire, je suis sur ses enquêtes. Castle
30%
Tout a commencé à l'époque où je dirigeais une expérience de voyage dans le temps. Lors de cette expérience, une horloge cosmique déréglée me fit passer de l'état de physicien… à celui de pilote d'essai. Ce qui aurait pu être amusant si j'avais su piloter... Heureusement je suis aidé par Al, mon ange gardien qui me suit depuis le début. Malheureusement, Al est un hologramme et je suis le seul à pouvoir communiquer avec lui. Bref, je me promène à travers le temps, passant de la peau d'un personnage à un autre en essayant de réparer les erreurs du passé. Et j'espère chaque fois que mon prochain saut dans le temps me ramènera chez moi et me rendra enfin mon vrai visage... Code Quantum
29%
Les exploits d'un chevalier solitaire dans un monde dangereux. Le chevalier et sa monture! Un héros des temps modernes, dernier recours des innocents, des sans-espoirs, victimes d'un monde cruel et impitoyable! K2000
27%
Steve Austin, astronaute. Un homme tout juste vivant. Messieurs, nous pouvons le reconstruire, nous en avons la possibilité technique. Nous sommes capables de donner naissance au premier homme bio-ionique. Steve Austin deviendra cet homme: il sera supérieur à ce qu’il était avant l’accident. Le plus fort, le plus rapide... En un mot, le meilleur! L'homme qui valait 3 milliards
25%
Des êtres étranges venus d'une autre planète. Leur destination: la Terre. Leur but: s'y établir et en faire leur univers. David Vincent les a vus. Pour lui, cela a commencé pendant une triste nuit, le long d'une route solitaire de campagne, alors qu'il cherchait un raccourci que jamais il ne trouva. Cela a commencé par une auberge abandonnée et un homme trop fatigué par le manque de sommeil pour continuer son voyage. Cela a commencé par l'atterrissage d'un vaisseau spatial. A présent, David Vincent sait qu'"ils" sont là, qu'ils ont pris forme humaine. Il lui reste à convaincre un monde incrédule que le cauchemar a réellement commencé. Les envahisseurs
24%
On vous surveille. Le gouvernement possède un dispositif secret: "une Machine". Elle vous espionne jour et nuit, sans relâche. Je le sais parce que c'est moi qui l'ai créée. Je l'avais conçue pour prévenir des actes de terrorisme, mais la Machine voit tout, tous les crimes impliquant des citoyens ordinaires tels que vous. Des crimes dont le gouvernement se désintéresse. Alors, j'ai décidé d'agir à sa place. Mais il me fallait un associé, quelqu'un capable d'intervenir sur le terrain. Traqués par les autorités, nous travaillons dans l'ombre. Jamais vous ne nous trouverez. Mais victime ou criminel, si votre numéro apparaît, nous, nous vous trouverons. Person of interest
23%
Il y a sept ans, j'ai été recrutée par le SD-6 qui m'a été présenté comme une division secrète de la CIA. J'ai appris tout ce qu'un espion doit savoir, y compris de ne jamais révéler ce que je faisais. Je croyais travailler pour les gentils, jusqu'à ce que je parle du SD-6 à mon fiancé et qu'ils le fassent tuer. C'est comme ça que j'ai découvert la vérité, le SD-6 est précisément l'ennemi que je pensais combattre. Aujourd'hui, je suis un agent double, je travaille avec la vraie CIA afin d'éliminer le SD-6 où mon unique allié est un autre agent double, un homme que je connais à peine...mon père. Alias
21%
Pendant la deuxième guerre mondiale, le commandant des Marines, Greg "Pappy" Boyington, était à la tête d'une escadrille de pilotes de chasse. Celle-ci était composée de marginaux et d'aventuriers qui devinrent les terreurs du Pacifique sud. Les têtes brûlées
17%
Au-delà des classiques notions d'espace, où l'homme projette ses pas, il y est une dimension où peuvent se glisser par les innombrables portes du temps, ses désirs les plus fous. Une zone où l'imagination vagabonde entre la science et la superstition, le réel et le fantastique, la crudité des faits et la matérialisation des fantasmes. Pénétrez avec nous dans cette zone entre chien et loup... La quatrième dimension
16%
Innocente victime d'une justice aveugle, condamné à tort pour le meutre de sa femme, sauvé in-extrémis par un accident de chemin de fer qui lui permit de fuir à la veille d'être exécuté. Richard Kimble, à partir de ce jour, a vécu dans une solitude désespérée. Contraint de changer sans cesse d'identité, d'exercer tous les métiers, il est résolu, à retrouver coûte que coûte le "manchot" qu'il est seul à avoir vu quitter les lieux du crime. Mais il est traqué par un policier que sa capture obsède. Le fugitif
15%
Et si l'on découvrait ici sur terre d'autres mondes inexplorés où tout serait possible. La même planète dans des dimensions parallèles. J'ai trouvé le passage Sliders
15%
Ce n'est pas une défaillance de votre téléviseur, n'essayez donc pas de régler l'image. Nous avons le contrôle total de l'émission : contrôle du balayage horizontal, contrôle du balayage vertical. Nous pouvons aussi bien vous donner une image floue qu'une image pure comme le cristal. Pour l'heure qui vient, asseyez-vous tranquillement. Nous contrôlerons tout ce que vous allez voir et entendre. Vous allez participer à une grande aventure et faire l'expérience du mystère Au-delà du réel
6%
C'était l'aube du troisième âge de l'humanité, 10 ans après la guerre entre les Terriens et les Minbaris. Le projet était un rêve qui s'était concrétisé. L'objectif était d'éviter une autre guerre en créant un lieu où humains et extraterrestres cohabiteraient dans le respect de leurs différences. C'était une escale, une seconde maison pour tous, diplomates, affairistes, innovateurs et vagabonds. Des humains, des extraterrestres, dans une coque de métal de deux millions cinq cent mille tonnes, tournoyant seule au coeur des ténèbres. Cet endroit pouvait être dangereux, mais c'était notre ultime espoir de paix. Nous sommes en 2258. Babylon 5
4%
Aucun quiz correspondant
Distribution des résultats
% des personnes avec chaque résultat
Percentile par nombre de réponses
Votre historique - résultats
Vous n’avez pas pris ce quiz